Normal view
MARC view
Entry Nombre personal
001 - NÚMERO DE CONTROL
- campo de control: 819
003 - IDENTIFICADOR DE NÚMERO DE CONTROL
- campo de control: DLC
005 - FECHA Y HORA DE LA ÚLTIMA TRANSACCIÓN
- campo de control: 20260309110521.0
008 - ELEMENTOS DE DATO DE LONGITUD-FIJA
- campo de control de longitud fija: 840906n| acannaabn |n aaa
010 ## - NÚMERO DE CONTROL DE LA BIBLIOTECA DEL CONGRESO
- Número de control de LC: n 84120038
035 ## - NÚMERO DE CONTROL DEL SISTEMA
- Número de control de sistema: (OCoLC)oca01188400
040 ## - FUENTE DE CATALOGACIÓN
- Centro catalogador/agencia de origen: DLC
- Lengua de catalogación: eng
- Centro/agencia transcriptor: DLC
- Centro/agencia modificador: DLC
- Centro/agencia modificador: NNMM-G
100 1# - ENCABEZAMIENTO-NOMBRE DE PERSONA
- Nombre de persona: Spranz, Bodo
670 ## - FUENTE DE DATOS ENCONTRADOS
- Cita de la fuente: Die Freiburger Südamerika-Sammlungen Herzog und Koch-Grünberg, 1980:
- Información encontrada: t.p. (Bodo Spranz)
670 ## - FUENTE DE DATOS ENCONTRADOS
- Cita de la fuente: Mexicon, Oct. 2007:
- Información encontrada: obit. (Bodo Spranz; b. Jan. 1, 1920, Nordhausen, Harz, Germany; d. Sept. 1, 2007; former dir. of the Ethnographic Museum at Freiburg, 1962-1984, and professor at the Institute of Ethnology of the University of Freiburg)